إتفاقية الأمم المتحدة المتعلقة بعقود النقل الدولي للبضائع عن طريق البحر كليا أو جزئيا : (Record no. 24763)
[ view plain ]
| 000 -الفاتح | |
|---|---|
| حقل البيانات ثابتة الطول | 01239nam a22002655a 4500 |
| 003 - محدد رقم الضبط | |
| رقم الضبط | OSt |
| 005 - وقت وتاريخ اخر تعامل مع التسجيلة | |
| رقم الضبط | 20170502124419.0 |
| 008 - عناصر البيانات ثابتة الطول - معلومات عامة | |
| حقل البيانات ثابتة الطول | 170308s2017 ua frb 100 0 ara d |
| 016 ## - | |
| -- | 2016 / 11874 |
| 020 ## - الرقم الدولى المعيارى للكتب | |
| الرقم الدولى المعيارى للكتاب | 9789770321812 |
| 040 ## - مصدر الفهرسة | |
| وكالة الفهرسة الأصلية | EG-Sc BUE |
| لغة الفهرسة | ara |
| وكالة النسخ | EG-Sc BUE |
| 082 04 - رقم تصنيف ديوى العشرى | |
| رقم التصنيف | 343.0960285 |
| رقم المادة | ر ج ب |
| رقم الطبعة | 22 |
| 100 1# - المدخل الرئيسى - إسم شخصى | |
| الإسم الشخصى | رجب، مصطفى محمد أحمد. |
| 245 10 - بيان العنوان | |
| العنوان | إتفاقية الأمم المتحدة المتعلقة بعقود النقل الدولي للبضائع عن طريق البحر كليا أو جزئيا : |
| بقية العنوان | إتفاقية روتردام / |
| بيان المسئوليه,etc | مطصفى محمد أحمد رجب. |
| 260 ## - PUBLICATION, DISTRIBUTION, ETC. (IMPRINT) | |
| مكان الناشر او الموزع | الأسكندرية، مصر : |
| اسم الناشر او الموزع | منشأة المعارف، |
| تاريخ النشر أو التوزيع | 2017. |
| 300 ## - الوصف المادى | |
| التعداد | 251 ص. ؛ |
| أبعاد الوعاء | 24 سم. |
| 504 ## - تبصرة ببليوجرافية | |
| تبصرة ببليوجرافية,الخ | يشتمل على إرجاعات ببليوجرافية. |
| 630 07 - المدخل الاضافى بالموضوع - عنوان موحد | |
| عنوان موحد | اتفاقية هامبورج للنقل البحري |
| تاريخ توقيع المعاهده | (1978) |
| مصدر الرأس أو المصطلح | BUEsh |
| 630 07 - المدخل الاضافى بالموضوع - عنوان موحد | |
| عنوان موحد | اتفاقية روتردام |
| تاريخ توقيع المعاهده | (2008) |
| مصدر الرأس أو المصطلح | BUEsh |
| 650 #7 - المدخل الاضافى بالموضوع-مصطلح موضوعى | |
| مصطلح موضوعي أو اسم جغرافي كعنصر مدخل | النقل البحري (قانون دولي) |
| التقسيم الفرعي العام | معالجة بيانات |
| التقسيم الفرعي الشكلي | معاهدات. |
| مصدر الرأس أو المصطلح | BUEsh |
| 650 #7 - المدخل الاضافى بالموضوع-مصطلح موضوعى | |
| مصطلح موضوعي أو اسم جغرافي كعنصر مدخل | عقود النقل (قانون دولي) |
| التقسيم الفرعي العام | معالجة بيانات |
| التقسيم الفرعي الشكلي | معاهدات. |
| مصدر الرأس أو المصطلح | BUEsh |
| 651 ## - المدخل الاضافى بالموضوع - اسم جغرافى | |
| مصدر الرأس أو المصطلح | BUEsh |
| 653 ## - مصطلح تكشيفى غير مقيد | |
| Resource For college | Law |
| Arrived date list | May2017 |
| 942 ## - عناصر المدخل الإضافي( كوها) | |
| مصدر التصنيف او مخطط الترفيف | Dewey Decimal Classification |
| حالة التراجع | حالة الفقد | مصدر التصنيف او خطة الترفيف | حالة تلف | ليس للاعارة | مجموعات كوها | المكان الدائم | المكان الحالي | موقع الترفيف | تاريخ الاكتساب | Source of acquisition | سعر الشراء الطبيعي | تعداد مسلسل / التسلسل الزمني | رقم الاستدعاء | الباركود | Date last seen | التكلفة | نوع الوعاء |
|---|---|---|---|---|---|---|---|---|---|---|---|---|---|---|---|---|---|
| Dewey Decimal Classification | Scientific_Group | Central Library | Central Library | First floor | 02/05/2017 | Purchase | 50.00 | 666 | 343.0960285 ر ج ب | 000041756 | 15/07/2025 | 62.50 | Book - Borrowing |